00357nam a22001217a 4500008004100000041000800041245007000049250001200119260003000131300001100161650002400172700003900196200616b ||||| |||| 00| 0 eng d0 aeng10aA primer for teachers and administrators of technical education / a1st ed. aNew Delhi :bISTE,c1997. a172 p. 0aTechnical Education aGeorge, P. J.eeditor and compiler